Central Library OPAC University of Rajshahi

Semiconductor circuit approximations : (Record no. 71896)

MARC details
000 -LEADER
fixed length control field 00723nam a2200229 a 4500
001 - CONTROL NUMBER
control field 71896
003 - CONTROL NUMBER IDENTIFIER
rucl marc code BD-RjUL
005 - DATE AND TIME OF LATEST TRANSACTION
control field 20211209082158.0
008 - FIXED-LENGTH DATA ELEMENTS--GENERAL INFORMATION
fixed length control field 170509r19911985ii a|||| |||| 001 0 eng d
035 ## - SYSTEM CONTROL NUMBER
System control number (BD-RjUL)72112
040 ## - CATALOGING SOURCE
Original cataloging agency BD-RjUL
Language of cataloging eng
Transcribing agency BD-RjUL
Modifying agency BD-RjUL
041 ## - LANGUAGE CODE
Language code of text/sound track or separate title eng
082 ## - DEWEY DECIMAL CLASSIFICATION NUMBER
Edition number 23
Classification number 621.38152
Author mark and year MAS 1991
100 1# - MAIN ENTRY--PERSONAL NAME
Personal name Malvino, Albert Paul
9 (RLIN) 117211
245 10 - TITLE STATEMENT
Title Semiconductor circuit approximations :
Remainder of title an introduction to transistors and integrated circuits /
Statement of responsibility, etc. Albert Paul Malvino
250 ## - EDITION STATEMENT
Edition statement 4th ed.
260 ## - PUBLICATION, DISTRIBUTION, ETC. (IMPRINT)
Place of publication, distribution, etc. New Delhi :
Name of publisher, distributor, etc. Tata McGraw Hill,
Date of publication, distribution, etc. 1985 [Reprinted 1991].
300 ## - PHYSICAL DESCRIPTION
Pagination 441 p. :
Illustrations ill. ;
Size 23 cm.
500 ## - GENERAL NOTE
General note Includes index
650 ## - SUBJECT ADDED ENTRY--TOPICAL TERM
Topical term or geographic name as entry element Semiconductors
9 (RLIN) 212660
942 ## - ADDED ENTRY ELEMENTS (KOHA)
Source of classification or shelving scheme Dewey Decimal Classification
Koha item type Books
Holdings
Lost status Source of classification or shelving scheme Damaged status Not for loan Collection code Permanent Location Current Location Shelving location Date acquired Source of acquisition Cost, normal purchase price Total Checkouts Full call number Date last seen Copy number Koha item type
  Dewey Decimal Classification   Not For Loan Non-fiction Central Library, University of Rajshahi Central Library, University of Rajshahi Reading Room 09/12/2021 PSL 108.75   621.38152 MAS 1991 09/05/2017 C-1 Books
  Dewey Decimal Classification     Non-fiction Central Library, University of Rajshahi Central Library, University of Rajshahi   21/12/1999 Dhaka, Paragon Enterprises Ltd 141.48   621.38152 MAS 1996 13/06/2017 C-2 Books